[Event "New Delhi Parsvnath op 8th"]
[Site "New Delhi"]
[Date "2010.01.17"]
[Round "6"]
[White "Maheswaran, Palsamy"]
[Black "Lakshmanrao, D."]
[Result "1/2-1/2"]
[WhiteElo "2355"]
[BlackElo "2213"]
[PlyCount "85"]
[EventDate "2010.01.14"]
[EventType "swiss"]
[EventRounds "11"]
[EventCountry "IND"]
[SourceTitle "CBM 134 Extra"]
[Source "ChessBase"]
[SourceDate "2010.03.03"]
[SourceVersion "1"]
[SourceVersionDate "2010.03.03"]
[SourceQuality "1"]

1. d4 d5 2. c4 c6 3. Nf3 Nf6 4. Nc3 a6 5. c5 Bf5 6. Bf4 Nbd7 7. e3 e6 8. Be2 Be7 9. 0-0 0-0 10. Nd2 h6 11. b4 Re8 12. Bg3 Bf8 13. Re1 e5 14. Nb3 g5 15. a4 Bg7 16. b5 axb5 17. axb5 Rxa1 18. Qxa1 Ne4 19. Nxe4 Bxe4 20. bxc6 bxc6 21. Qa6 Nb8 22. Qb7 Bc2 23. Na1 Bf5 24. Bxe5 Bxe5 25. dxe5 Qa5 26. Rf1 Qxc5 27. Nb3 Qe7 28. Qxe7 Rxe7 29. f4 gxf4 30. exf4 Rb7 31. Nd4 Bd7 32. f5 c5 33. e6 Be8 34. exf7+ Rxf7 35. Nb5 Re7 36. Bf3 Nc6 37. Rc1 c4 38. Rd1 Rd7 39. Nc3 Nb4 40. g4 Kg7 41. h4 Kf6 42. Kf2 Nd3+ 43. Kg3 1/2-1/2

[Event "IND-chB 45th"]
[Site "Dindigul"]
[Date "2007.06.19"]
[Round "12"]
[White "Lalith, Babu MR"]
[Black "Lakshmanrao, D."]
[Result "1-0"]
[WhiteElo "2320"]
[BlackElo "2160"]
[PlyCount "69"]
[EventDate "2007.06.11"]
[EventType "swiss"]
[EventRounds "12"]
[EventCountry "IND"]
[SourceTitle "CBM 119 Extra"]
[Source "ChessBase"]
[SourceDate "2007.09.04"]
[SourceVersion "1"]
[SourceVersionDate "2007.09.04"]
[SourceQuality "1"]

1. Nf3 d5 2. d4 Nf6 3. c4 c6 4. Nc3 a6 5. c5 Bf5 6. Bf4 Nbd7 7. e3 e6 8. Nd2 Be7 9. Be2 Qc8 10. 0-0 0-0 11. b4 Bd8 12. a4 Bc7 13. Bxc7 Qxc7 14. f4 b6 15. g4 Bg6 16. f5 exf5 17. gxf5 Rfe8 18. fxg6 Rxe3 19. gxf7+ Kxf7 20. Rf3 Rae8 21. Nf1 Rxf3 22. Bxf3 bxc5 23. bxc5 Qa5 24. Qd2 Nf8 25. Rb1 Ne6 26. Rb7+ Kf8 27. Ng3 Nxc5 28. dxc5 Qxc5+ 29. Kg2 Qe3 30. Qxe3 Rxe3 31. Nce2 c5 32. Nf4 d4 33. Nf5 Re5 34. Nxg7 Ne8 35. Nfe6+ 1-0

[Event "IND-chB 45th"]
[Site "Dindigul"]
[Date "2007.06.17"]
[Round "10"]
[White "Saptarshi, Roy Chowdhury"]
[Black "Lakshmanrao, D."]
[Result "1-0"]
[WhiteElo "2417"]
[BlackElo "2160"]
[PlyCount "56"]
[EventDate "2007.06.11"]
[EventType "swiss"]
[EventRounds "12"]
[EventCountry "IND"]
[SourceTitle "CBM 119 Extra"]
[Source "ChessBase"]
[SourceDate "2007.09.04"]
[SourceVersion "1"]
[SourceVersionDate "2007.09.04"]
[SourceQuality "1"]

1. e4 c5 2. Nf3 Nc6 3. Bb5 Qc7 4. Nc3 e6 5. 0-0 a6 6. Bxc6 Qxc6 7. d4 cxd4 8. Nxd4 Qc7 9. Re1 d6 10. a4 Nf6 11. f4 Be7 12. e5 dxe5 13. fxe5 Nd7 14. Qg4 Bc5 15. Kh1 Bxd4 16. Qxd4 0-0 17. Bf4 Qb6 18. Qd2 Nb8 19. a5 Qd8 20. Qe3 Nc6 21. Ne4 Qh4 22. Ra3 Kh8 23. Bg5 Qh5 24. Qf4 Qg6 25. Nf6 Qf5 26. Rh3 Qxc2 27. Qh4 gxf6 28. Bxf6+ Kg8 1-0

[Event "IND-chB 45th"]
[Site "Dindigul"]
[Date "2007.06.13"]
[Round "4"]
[White "Poobesh Anand, Selvaraj"]
[Black "Lakshmanrao, D."]
[Result "1-0"]
[WhiteElo "2412"]
[BlackElo "2160"]
[PlyCount "51"]
[EventDate "2007.06.11"]
[EventType "swiss"]
[EventRounds "12"]
[EventCountry "IND"]
[SourceTitle "CBM 119 Extra"]
[Source "ChessBase"]
[SourceDate "2007.09.04"]
[SourceVersion "1"]
[SourceVersionDate "2007.09.04"]
[SourceQuality "1"]

1. d4 d5 2. c4 c6 3. e3 Nf6 4. Nf3 e6 5. b3 Bd6 6. Bd3 Nbd7 7. Bb2 Qe7 8. Nc3 0-0 9. 0-0 e5 10. dxe5 Nxe5 11. cxd5 Nxf3+ 12. gxf3 Nxd5 13. f4 Qh4 14. Nxd5 cxd5 15. Kh1 Be7 16. Rg1 Bf6 17. Qe2 d4 18. Rg3 Rd8 19. Rag1 Kh8 20. Bxd4 g6 21. Rg4 Bxg4 22. Rxg4 Qh5 23. Bxf6+ Kg8 24. Bxd8 Rxd8 25. Rg2 Qc5 26. Qc2 1-0

[Event "Chennai WinTV op 1st"]
[Site "Chennai"]
[Date "2004.01.24"]
[Round "5"]
[White "Ravi, Teja Sanka"]
[Black "Lakshmanrao, D."]
[Result "1/2-1/2"]
[WhiteElo "2069"]
[BlackElo "2222"]
[PlyCount "22"]
[EventDate "2004.01.21"]
[EventType "swiss"]
[EventRounds "13"]
[EventCountry "IND"]
[SourceTitle "CBM 098 Extra"]
[Source "ChessBase"]
[SourceDate "2004.03.10"]
[SourceVersion "2"]
[SourceVersionDate "2004.03.10"]
[SourceQuality "1"]

1. d4 d5 2. c4 c6 3. Nf3 Nf6 4. cxd5 cxd5 5. Nc3 Nc6 6. Bf4 e6 7. e3 Bb4 8. Bd3 h6 9. h3 0-0 10. 0-0 a6 11. a3 Bd6 1/2-1/2